| 000 | 01072cam a2200217 4500 | ||
|---|---|---|---|
| 001 | WB3815-19 | ||
| 008 | 020425n2002 000 0 eng u | ||
| 035 | _a(Sirsi) u117679 | ||
| 245 | _aRight to roam mapping progress | ||
| 260 | _c2002 | ||
| 490 |
_aRICS Rural Faculty News _v 19 April 2002 (1) |
||
| 520 | _aThe Countryside Agency reports progress in its mapping of open country and registered common land in England, in line with government's right to roam implementation target of 2005. The Agency will identify where open country and registered common land occurs as part of the process of providing people with the right to walk over 4 000 square miles of English countryside under the Countryside and Rights of Way Act 2000. http://www.rics.org/ricscms/bin/show?class=News&template=/includes/shownews.html&id=2314 | ||
| 590 | _aWB | ||
| 650 | _aOPEN COUNTRY | ||
| 650 | _aCOMMON LAND | ||
| 650 | _aRIGHT TO ROAM | ||
| 650 | _aCOUNTRYSIDE AND RIGHTS OF WAY ACT 2000 | ||
| 650 | _aCOUNTRYSIDE AGENCY | ||
| 690 | _aMAPPING AND MEASUREMENT | ||
| 942 | _n0 | ||
| 999 |
_c70077 _d70077 |
||